| 000 | 00663nam a2200217 a 4500 | ||
|---|---|---|---|
| 001 | 000022710 | ||
| 005 | 20200930021743.0 | ||
| 008 | 101116s1976 sp 000 0 spa d | ||
| 020 | _a8402005225 | ||
| 040 |
_aDO-SdBNP _bspa _cBNPHU |
||
| 082 |
_axxx _bxxx |
||
| 100 | 1 |
_aLartéguy, Jean, _946677 |
|
| 240 | 1 | 0 |
_aLe Mal Jaune _lEspañol |
| 245 | 1 | 3 |
_aLa amarilla nostalgia / _cJean Larteguy; traducción Miguel Giménez Sales. |
| 250 | _a3a ed. | ||
| 260 |
_aBarcelona : _bBruguera, _c1976. |
||
| 300 |
_a446 p. ; _c18 cm. |
||
| 500 | _aIncluye notas al pie de las páginas | ||
| 590 | _aInventariado, 2019/BT | ||
| 700 | 1 |
_aGiménez Sales, Miguel, _etr. _946678 |
|
| 999 |
_c22207 _d22207 |
||